Vorlesungen über Funktionalanalysis / (Record no. 7257)
[ view plain ]
| 000 -LEADER | |
|---|---|
| fixed length control field | 00849cam a22002771 4500 |
| 001 - CONTROL NUMBER | |
| control field | 7257 |
| 003 - CONTROL NUMBER IDENTIFIER | |
| rucl marc code | BD-RjUL |
| 005 - DATE AND TIME OF LATEST TRANSACTION | |
| control field | 20211208234403.0 |
| 008 - FIXED-LENGTH DATA ELEMENTS--GENERAL INFORMATION | |
| fixed length control field | 160906s1956 nyua 001 0 eng |
| 035 ## - SYSTEM CONTROL NUMBER | |
| System control number | (BD-RjUL)7300 |
| System control number | (OCoLC)165879 |
| 040 ## - CATALOGING SOURCE | |
| Original cataloging agency | DLC |
| Transcribing agency | ODaWU |
| Modifying agency | OCoLC |
| -- | Uk |
| -- | DLC |
| -- | BD-RjUL |
| Language of cataloging | eng |
| 041 ## - LANGUAGE CODE | |
| Language code of text/sound track or separate title | eng |
| 082 00 - DEWEY DECIMAL CLASSIFICATION NUMBER | |
| Classification number | 515.7 |
| Edition number | 22 |
| Author mark and year | RIV 1956 |
| 100 ## - MAIN ENTRY--PERSONAL NAME | |
| Personal name | Riesz, Frigyes |
| 9 (RLIN) | 154387 |
| 245 10 - TITLE STATEMENT | |
| Title | Vorlesungen über Funktionalanalysis / |
| Statement of responsibility, etc. | Frigyes Riesz; Béla Sz Nagy |
| 260 ## - PUBLICATION, DISTRIBUTION, ETC. (IMPRINT) | |
| Place of publication, distribution, etc. | Berlin : |
| Name of publisher, distributor, etc. | ver deutscher, |
| Date of publication, distribution, etc. | 1956 |
| 300 ## - PHYSICAL DESCRIPTION | |
| Pagination | xvi, 481 p. ; |
| Size | 24 cm. |
| 504 ## - BIBLIOGRAPHY, ETC. NOTE | |
| Bibliography, etc | Includes index. |
| 650 #0 - SUBJECT ADDED ENTRY--TOPICAL TERM | |
| Topical term or geographic name as entry element | Functional analysis. |
| 9 (RLIN) | 22676 |
| 700 1# - ADDED ENTRY--PERSONAL NAME | |
| Personal name | Nagy, Béla Sz |
| 856 ## - ELECTRONIC LOCATION AND ACCESS | |
| Materials specified | Hochschulbücher für Mathematik, Bd. 27. |
| 942 ## - ADDED ENTRY ELEMENTS (KOHA) | |
| Source of classification or shelving scheme | Dewey Decimal Classification |
| Koha item type | Books |
| Lost status | Source of classification or shelving scheme | Damaged status | Not for loan | Collection code | Permanent Location | Current Location | Shelving location | Date acquired | Source of acquisition | Cost, normal purchase price | Total Checkouts | Full call number | Date last seen | Copy number | Koha item type |
|---|---|---|---|---|---|---|---|---|---|---|---|---|---|---|---|
| Dewey Decimal Classification | Non-fiction | Central Library, University of Rajshahi | Central Library, University of Rajshahi | Dac. Abdullah al mahmood | 30.00 | 515.7 RIV 1956 | 06/09/2016 | C-2 | Books |